| 000 | 01401aas a2200253 4500 | ||
|---|---|---|---|
| 999 |
_c4157 _d4157 |
||
| 003 | BR-BrBNA | ||
| 005 | 20230317234023.0 | ||
| 007 | ta | ||
| 008 | 230119b bl ||||| |||| 00| 0 por d | ||
| 022 | _a0066-1872 | ||
| 035 | _a000485-5 | ||
| 040 |
_aBR-BrBNA _bEngFreSpa _cBR-BrBNA |
||
| 042 | _a031620-2 | ||
| 044 | _abl | ||
| 245 |
_aAnimal Health Yearbook _bFAO/OIE/WHO _cFood and Agriculture Organization of the United NationsOrganizacion de las Naciones Unidas para la Agricultura y la AlimentacionOrganization des Nations Unies pour l'Alimentation et l'Agriculture |
||
| 260 |
_aRome, IT _bFood and Agriculture Organization of the United Nations _c1959. Data final de publicação em 1996 _eIT |
||
| 270 | _aViale delle Terme di Caracalla; 00100 Roma, Italia; Teléfono: +39 06 57051; Fax: +39 06 5705 3152; Télex: 625852/610181 FAO I / Telégrafo: FOODAGRI ROME; Correo electrónico: FAO-HQ@fao.org | ||
| 310 | _aanual | ||
| 500 | _aConhecida como: FAO Animal Production and Health Series; Collection FAO: Production et Santé Animales; Collección FAO: Produccion y Sanidad Animal | ||
| 505 | _a1958; 1959-76; 1977 (11); 1978 (13); 1979 (15); 1980 (16); 1981 (18); 1982 (19); 1983 (20); 1984 (24); 1985 (25); 1986 (26); 1987 (27); 1988 (28); 1989 (29); 1990 (30); 1991 (31); 1992 (32); 1993 (33); 1994 (34); 1995 (36); | ||
| 650 | 1 | 2 | _gVETERINARIA |
| 909 |
_a56 _bSergio Santos _c56 _dSergio Santos |
||
| 942 |
_cCR _2AGRIS |
||